000 00409nam a2200181Ia 4500
003 OSt
005 20221005114319.0
006 a|||||r|||| 00| 0
007 ta
008 221004b |||||||| |||| 00| 0 eng d
024 _a77103
037 _cTextual
040 _aCRL
_cCRL
_beng
041 _2eng
_aeng
245 0 _aArea and culture studies
942 _cTEXL
_2cc
999 _c1030941
_d1030941